|
|
|
|
| LEADER |
00000nas a2200000 a 4500 |
| 001 |
ssj0000546025 |
| 003 |
WaSeSS |
| 005 |
20200512172242.0 |
| 006 |
m d |
| 007 |
cr n |
| 008 |
100304c20109999nz uu pss 0 a0eng c |
| 010 |
|
|
|a 2012257395
|
| 016 |
7 |
|
|a 2587456-1
|2 DE-600
|
| 016 |
7 |
|
|a 101576821
|2 DNLM
|
| 022 |
|
|
|a 1179-318X
|l 1179-318X
|
| 035 |
|
|
|a (WaSeSS)ssj0000546025
|
| 040 |
|
|
|a FQM
|b eng
|c FQM
|d OCLCQ
|d HEBIS
|d CUS
|d NZ1
|d NTE
|d OCLCQ
|d INU
|d CUS
|d NLM
|d QE2
|d OCLCF
|d TXA
|d AU@
|d OCLCQ
|d OCLCO
|d OCLCQ
|d OCL
|d CASUM
|d OCLCQ
|d OCLCA
|d OCLCO
|d OCLCA
|d WT2
|d BUF
|d OCLCQ
|d OCLCA
|d OCLCQ
|d CNMTR
|d OCLCQ
|d WaSeSS
|
| 042 |
|
|
|a pcc
|
| 050 |
1 |
4 |
|a RJ550
|
| 060 |
1 |
0 |
|a W1
|
| 082 |
0 |
4 |
|a 616.0083505
|2 22
|
| 210 |
1 |
|
|a Adolesc. health med. ther.
|
| 210 |
1 |
0 |
|a Adolesc Health Med Ther
|2 dnlm
|
| 222 |
|
0 |
|a Adolescent health, medicine and therapeutics
|
| 245 |
0 |
0 |
|a Adolescent health, medicine and therapeutics
|h [electronic resource].
|
| 260 |
|
|
|a Auckland, NZ :
|b Dove Medical Press
|
| 362 |
1 |
|
|a Began with vol. 1 (2010).
|
| 506 |
|
|
|a License restrictions may limit access.
|
| 515 |
|
|
|a Articles added as received to annual volume in progress.
|
| 538 |
|
|
|a Mode of access: World Wide Web.
|
| 588 |
0 |
|
|a Vol. 1 (2010); title from journal home page (Publisher's Web site, viewed Mar. 3, 2010).
|
| 588 |
1 |
|
|a 2013:4 (viewed Oct. 31, 2013).
|
| 650 |
|
0 |
|a Adolescent medicine
|v Periodicals.
|
| 650 |
|
0 |
|a Teenagers
|x Health and hygiene
|v Periodicals.
|
| 650 |
|
7 |
|a Adolescent medicine.
|2 fast
|0 (OCoLC)fst00797010
|
| 650 |
|
7 |
|a Teenagers
|x Health and hygiene.
|2 fast
|0 (OCoLC)fst01145591
|
| 650 |
1 |
2 |
|a Adolescent Development.
|
| 650 |
2 |
2 |
|a Adolescent Health Services.
|
| 650 |
2 |
2 |
|a Adolescent Medicine.
|
| 650 |
2 |
2 |
|a Therapeutics.
|
| 655 |
|
0 |
|a Electronic journals.
|
| 710 |
2 |
|
|a Dove Medical Press Ltd.
|
| 856 |
4 |
0 |
|z Full text available from Research Library: 01/01/2010 to present
|u https://search.proquest.com/publication/3933221
|